|
|
|
|
| LEADER |
00000cam a2200000 7i4500 |
| 001 |
0000008769 |
| 005 |
20170326093000.0 |
| 008 |
021119s1964 |
| 090 |
0 |
0 |
|a PZ4
|b .G8
|
| 100 |
0 |
|
|a Guthrie, A. B.
|c Jr. [
|q (Alfred Bertram)] ,
|d 1901-1991 ,
|e author
|
| 245 |
1 |
4 |
|a The big sky
|c A.B. Guthrie, Jr., with an introduction by Walter Van Tilburg Clark
|
| 260 |
2 |
|
|a Alexandria, VA :
|b Time-Life Books ,
|c c1964
|
| 300 |
|
|
|a 378 p. ;
|c 22 cm.
|
| 999 |
|
|
|a 1000048493
|b Book
|c OPEN SHELF (30 DAYS)
|e Gong Badak Campus
|
| 999 |
|
|
|a 1000048494
|b Book
|c OPEN SHELF (30 DAYS)
|e Gong Badak Campus
|